| 000 | 00514nam a2200181 a 4500 | ||
|---|---|---|---|
| 001 | 348 | ||
| 003 | CDMR | ||
| 005 | 20130306114401.0 | ||
| 008 | 130130s1997||||||||||||||||||||||||||||d | ||
| 020 | _a8479354453 | ||
| 040 |
_aCDMR _bcat _cCPC LLEIDA |
||
| 245 | 0 | 0 |
_aBenito Pérez Galdós _b: camins creuats II : homenatge a Víctor Siurana _cÀngels Santa (ed.) |
| 260 |
_aLleida _bPagès |
||
| 260 |
_c1997 _bUniversitat de Lleida |
||
| 490 | 0 |
_aEl Fil d'Ariadna _v26 |
|
| 700 | 1 |
_9238 _aSanta, Àngels |
|
| 942 |
_cMON _2udc |
||
| 999 |
_c348 _d348 |
||